| 000 | 00742nam a22002177a 4500 | ||
|---|---|---|---|
| 999 |
_c5485 _d5485 |
||
| 003 | AR-CdUCM | ||
| 008 | 190312b ||||| |||| 00| 0 spa d | ||
| 040 |
_aMUNICIPALIDAD PROVINCIAL DEL CUSCO _cBIBLIOTECA MUNICIPAL DEL CUSCO |
||
| 082 |
_a990.1 / _bV24 |
||
| 100 |
_aValle, del Juana _916472 |
||
| 245 | _aHistoria fatal, asañas de la ignorancia, guerra física / | ||
| 260 |
_aLima : _bBiblioteca Nacional del Perú , _c1972. |
||
| 300 |
_a90 páginas ; _c24.5 cm. |
||
| 505 | _aContenido : Los Manuscritos de Ayacucho y su historia... | ||
| 650 |
_aHistoria de Ayacucho _916473 |
||
| 650 |
_aConflicto interno armado _916474 |
||
| 650 |
_aHistoria del Perú _9259 |
||
| 700 |
_aCaviedes _916475 |
||
| 942 |
_2ddc _cLIBROS |
||
| 945 | _artm | ||